000 00328nam a2200145Ia 4500
100 _aMehta V.G/ Mehta N. V.
650 _aGeneral
942 _cBK
654 _aIncome tax
245 _aIncome-tax ready reckoner
260 _bShri kuber publication
_aBombay
_c1982
082 _a343.052
300 _a320
546 _aENGLISH
999 _c29352
_d29352